Statistics for -Ette Vocabulary Words

Click here to take the quiz!

General Stats

  • This quiz has been taken 16,374 times
    (16,345 since last reset)
  • The average score is 13 of 20

Answer Stats

Hint Answer % Correct
Breakfast dish made with eggsOmelette
97%
Woman with dark hair colorBrunette
94%
Long thin loaf of French breadBaguette
92%
MannersEtiquette
85%
Music medium popular before CD'sCassette
84%
Artist's paint mixing boardPalette
82%
Wheel-based casino gameRoulette
82%
String puppetMarionette
70%
Campaigner for women's right to voteSuffragette
68%
Outline that a shadow createsSilhouette
66%
Ballet dance movePirouette
65%
Oscar winners receive oneStatuette
59%
Popular salad dressingVinaigrette
57%
British word for napkinServiette
57%
Another word for newspaperGazette
46%
Unit of charcoalBriquette
39%
Shoulder decoration for soldiersEpaulette
37%
Flirtatious womanCoquette
30%
The above, when onlineNetiquette
28%
Rose-shaped ribbon worn as a prizeRosette
19%

Score Distribution

Percentile by Number Answered

Percent of People with Each Score

Your Score History

You have not taken this quiz since the last reset